|
|
|
|
| LEADER |
02052nam a22004332a 4500 |
| 001 |
000085467 |
| 003 |
CZ BrMZK |
| 005 |
20200710170504.0 |
| 007 |
ta |
| 008 |
950101s1987 xr f cze d |
| 015 |
|
|
|a cnb000131697
|
| 020 |
|
|
|q (Brož.)
|
| 040 |
|
|
|a ABA001
|b cze
|
| 043 |
|
|
|a e-xr---
|
| 045 |
|
|
|a x8x8
|
| 072 |
|
7 |
|a 77
|x Fotografie. Fotografické postupy
|2 Konspekt
|9 21
|
| 080 |
|
|
|a 091
|2 MRF
|
| 080 |
|
|
|a 025.171
|2 MRF
|
| 080 |
|
|
|a 778.142
|2 MRF
|
| 080 |
|
|
|a (083.81)
|2 MRF
|
| 100 |
1 |
|
|a Fechtnerová, Anna,
|d 1918-2016
|7 jn20001227748
|4 aut
|
| 245 |
1 |
0 |
|a Mikrofilmy rukopisů uložené v oddělení rukopisů a vzácných tisků Státní knihovny ČSR /
|c zpracovala Anna Fechtnerová
|
| 260 |
|
|
|a Praha :
|b Státní knihovna ČSR,
|c 1987
|
| 300 |
|
|
|a 104 s. ;
|c 21 cm
|
| 490 |
1 |
|
|a Katalog mikrofilmů a mikrofiší Sektoru služeb a speciálních oddělení Státní knihovny ČSR. Ř. A, Oddělení rukopisů a vzácných tisků SK ČSR ;
|v sv. 1
|
| 500 |
|
|
|a 300 výt.
|
| 500 |
|
|
|a Dostupné též v digitální podobě v aplikaci Kramerius
|
| 610 |
2 |
7 |
|a Národní knihovna České republiky.
|b Oddělení rukopisů a starých tisků
|7 kn20020917008
|2 czenas
|
| 650 |
0 |
7 |
|a rukopisy
|7 ph116084
|x mikrofilmy
|z Praha (Česko)
|2 czenas
|
| 655 |
|
7 |
|a katalogy
|7 fd132535
|2 czenas
|
| 830 |
|
0 |
|a Katalog mikrofilmů a mikrofiší Sektoru služeb a speciálních oddělení Státní knihovny ČSR.
|p Oddělení rukopisů a vzácných tisků SK ČSR
|
| 856 |
4 |
1 |
|u http://www.digitalniknihovna.cz/mzk/uuid/uuid:26da61f0-c4f1-11ea-b7a2-005056827e51
|y Digitalizovaný dokument
|x NDK
|
| 910 |
|
|
|a BOA001
|b 2-0932.922
|
| 964 |
|
|
|a Rukopisy - mikrofilmy - Praha - Státní knihovna ČSR - katalogy
|
| 964 |
|
|
|a Praha - Státní knihovna ČSR - rukopisy - mikrofilmy - katalogy
|
| 990 |
|
|
|a BK
|
| 995 |
|
|
|a 01
|
| 996 |
7 |
|
|b 2619920989
|c 2-0932.922
|l MZK
|r Sklad / do 1 hodiny
|n 0
|w 000085467
|u 000020
|a 1
|e BOA001
|j MZK50
|s A
|
| 996 |
6 |
|
|b 2619989830
|c 2-0932.922
|l Stud. starých tisků/4.patro
|r PST
|n 0
|h SA5
|w 000085467
|u 000010
|a 1
|e BOA001
|j MZK50
|s P
|